[Event "Lake Sevan 2014"]
[Site "Martuni ARM"]
[Date "2014.07.27"]
[Round "1.1"]
[White "Areshchenko, Alexander"]
[Black "Melkumyan, Hrant"]
[Result "0-1"]
[WhiteTitle "GM"]
[BlackTitle "GM"]
[WhiteElo "2701"]
[BlackElo "2647"]
[WhiteFideId "14109530"]
[BlackFideId "13302485"]
[EventDate "2014.07.27"]

1. e4 e5 2. Nf3 Nc6 3. d4 exd4 4. Nxd4 Nf6 5. Nxc6 bxc6 6. e5 Qe7 7. Qe2 Nd5 8.
c4 Ba6 9. b3 f6 10. g3 fxe5 11. Bg2 Nf6 12. Bb2 Qe6 13. Nd2 Bc5 14. O-O-O O-O
15. f4 exf4 16. Qxe6+ dxe6 17. Bxc6 Rad8 18. gxf4 Be3 19. Ba3 Ng4 20. Bxf8 Kxf8
21. Rhe1 Bxf4 22. Re2 g5 23. h4 gxh4 24. Rxe6 Bc8 25. Re2 Bg5 26. Rh1 Kg7 27.
Be4 Rd4 28. Bg2 h5 29. Rhe1 Bf5 30. c5 Rd3 31. c6 h3 32. Bxh3 Rxh3 33. Kb2 Ne3
34. Rg1 Bg4 0-1

[Event "Lake Sevan 2014"]
[Site "Martuni ARM"]
[Date "2014.07.27"]
[Round "1.2"]
[White "Andriasian, Zaven"]
[Black "Sjugirov, Sanan"]
[Result "1/2-1/2"]
[WhiteTitle "GM"]
[BlackTitle "GM"]
[WhiteElo "2628"]
[BlackElo "2643"]
[WhiteFideId "13302000"]
[BlackFideId "4189302"]
[EventDate "2014.07.27"]

1. e4 c5 2. Nf3 e6 3. g3 Nc6 4. Bg2 Nf6 5. Qe2 Be7 6. O-O O-O 7. c4 d5 8. e5 Nd7
9. d3 d4 10. h4 Kh8 11. Bf4 f5 12. Ng5 Bxg5 13. hxg5 Qc7 14. Nd2 Kg8 15. a3 b6
16. Qh5 g6 17. Qe2 Bb7 18. Rab1 a5 19. a4 Nb4 20. Bxb7 Qxb7 21. Nf3 Rf7 22. Kg2
Re8 23. Rh1 Ree7 24. Rh6 Kf8 25. Rbh1 Ke8 26. Kh2 Kd8 27. Nd2 Qc6 28. b3 Qb7 29.
Nb1 Na6 30. Na3 Nc7 31. Kg1 Ke8 32. f3 Nf8 33. Kf2 1/2-1/2

[Event "Lake Sevan 2014"]
[Site "Martuni ARM"]
[Date "2014.07.27"]
[Round "1.3"]
[White "Fedoseev, Vladimir3"]
[Black "Kuzubov, Yuriy"]
[Result "1-0"]
[WhiteTitle "GM"]
[BlackTitle "GM"]
[WhiteElo "2668"]
[BlackElo "2656"]
[WhiteFideId "24130737"]
[BlackFideId "14112906"]
[EventDate "2014.07.27"]

1. e4 c5 2. Nc3 Nc6 3. Bb5 Nd4 4. Nf3 e6 5. O-O a6 6. Bd3 Nc6 7. Be2 b5 8. d4
cxd4 9. Nxd4 Bb7 10. Bf4 d6 11. Nxc6 Bxc6 12. a4 b4 13. Na2 Nf6 14. Nxb4 Bb7 15.
Qe1 Nxe4 16. Nxa6 g5 17. Bb5+ Ke7 18. Nb4 Qc7 19. Be3 g4 20. a5 Rb8 21. Bb6 Qc8
22. Ba7 d5 23. a6 Ba8 24. Bxb8 Qxb8 25. Nc6+ 1-0

[Event "Lake Sevan 2014"]
[Site "Martuni ARM"]
[Date "2014.07.27"]
[Round "1.4"]
[White "Vidit, Santosh Gujrathi"]
[Black "Hovhannisyan, Robert"]
[Result "1/2-1/2"]
[WhiteTitle "GM"]
[BlackTitle "GM"]
[WhiteElo "2602"]
[BlackElo "2592"]
[WhiteFideId "5029465"]
[BlackFideId "13302507"]
[EventDate "2014.07.27"]

1. d4 d5 2. c4 c6 3. Nc3 Nf6 4. e3 e6 5. Nf3 Nbd7 6. Qc2 Bd6 7. Bd3 O-O 8. O-O
dxc4 9. Bxc4 b5 10. Be2 a6 11. Ne4 Nxe4 12. Qxe4 Bb7 13. b3 Qe7 14. Rd1 Nf6 15.
Qh4 c5 16. dxc5 Bxc5 17. Bb2 Rfd8 18. Ne5 Rxd1+ 19. Rxd1 Rd8 20. Rxd8+ Qxd8 21.
Ng4 Be7 22. Nxf6+ Bxf6 23. Bxf6 Qxf6 24. Qxf6 gxf6 25. b4 f5 26. f4 Kf8 27. Kf2
Bd5 28. a3 Ke7 29. g3 Kd6 30. Ke1 f6 31. Bd3 h6 32. Kd2 Kc6 33. Kc3 Kc7 34. Kd4
Kd6 35. e4 fxe4 36. Bxe4 f5 37. Bc2 Bc6 38. Bd1 Bg2 39. a4 bxa4 40. Bxa4 Bf1 41.
Bb3 Be2 42. Bc2 Bf1 43. Bd1 Bb5 44. Bf3 Bf1 45. Bb7 Be2 46. Bg2 Bb5 47. Bf3 Bf1
48. h3 Bb5 49. g4 fxg4 50. hxg4 Bd7 51. Be2 Bc8 52. g5 hxg5 53. fxg5 Bb7 54. Bc4
e5+ 55. Ke3 Ke7 56. Bd3 Kf7 57. Bf5 Kg7 58. Be4 Bc8 59. Kd3 Be6 60. Bb7 Kg6 61.
Ke4 Kxg5 62. Kxe5 Bc4 63. Kd6 Kf6 64. Kc5 Bb3 65. Bxa6 Ke7 66. Kc6 Kd8 67. Kb7
Ba4 68. Kb6 Bd7 69. Bb5 Bf5 70. Kb7 Bc8+ 71. Ka7 Bf5 72. Bc6 Bd3 73. Kb8 Be2 74.
Ba4 Bd3 75. Kb7 Be2 76. Bc6 Bd3 77. Bd5 Be2 78. Kb8 Bd3 79. Bb7 Bb5 80. Be4 Be2
81. Bc6 Bd3 82. Kb7 Be2 83. Kb6 Kc8 84. Ka7 Kc7 85. Bb7 Bb5 86. Ba6 Kc6 87. Bb7+
Kc7 88. Bd5 Bd3 89. Bb3 Kc6 90. Ba4+ Bb5 91. Bxb5+ Kxb5 92. Kb7 Kxb4 1/2-1/2

[Event "Lake Sevan 2014"]
[Site "Martuni ARM"]
[Date "2014.07.27"]
[Round "1.5"]
[White "Gabuzyan, Hovhannes"]
[Black "Ter-Sahakyan, Samvel"]
[Result "0-1"]
[WhiteTitle "GM"]
[BlackTitle "GM"]
[WhiteElo "2582"]
[BlackElo "2572"]
[WhiteFideId "13303732"]
[BlackFideId "13302531"]
[EventDate "2014.07.27"]

1. Nf3 d5 2. c4 e6 3. g3 Nf6 4. Bg2 Be7 5. O-O O-O 6. b3 c5 7. cxd5 Nxd5 8. Bb2
Nc6 9. Nc3 b6 10. Nxd5 exd5 11. d4 Be6 12. Rc1 a5 13. Ne1 Bf6 14. e3 Rc8 15. Nc2
Qe7 16. Qd2 Rfd8 17. a3 a4 18. b4 c4 19. f3 Na7 20. Qf2 Nb5 21. Rcd1 Bf5 22.
Rfe1 Bd3 23. Bf1 Bxf1 24. Qxf1 Qc7 25. Kg2 Rd7 26. Qf2 Rcd8 27. g4 Rd6 28. h4 h6
29. Rh1 Re8 30. Qg3 Qd7 31. Kf2 Bd8 32. Rdg1 Rde6 33. f4 Nd6 34. Qf3 Ne4+ 35.
Ke1 h5 36. gxh5 Rh6 37. Rg5 Bxg5 38. hxg5 Rh7 39. g6 fxg6 40. hxg6 Rxh1+ 41.
Qxh1 Nf6 42. Qg2 Qf5 43. b5 Qxf4 0-1

[Event "Lake Sevan 2014"]
[Site "Martuni ARM"]
[Date "2014.07.28"]
[Round "2.1"]
[White "Areshchenko, Alexander"]
[Black "Andriasian, Zaven"]
[Result "1/2-1/2"]
[WhiteTitle "GM"]
[BlackTitle "GM"]
[WhiteElo "2701"]
[BlackElo "2628"]
[WhiteFideId "14109530"]
[BlackFideId "13302000"]
[EventDate "2014.07.27"]

1. e4 c5 2. Nf3 d6 3. d4 cxd4 4. Nxd4 Nf6 5. Nc3 a6 6. Be2 e5 7. Nb3 Be7 8. O-O
O-O 9. Re1 Be6 10. Bf3 b5 11. a4 b4 12. Nd5 a5 13. Nxe7+ Qxe7 14. Be3 Nc6 15.
Qd3 Rfd8 16. Rad1 h6 17. h3 Qc7 18. Qb5 Rab8 19. Qe2 Ne7 20. Rd2 Bc4 21. Qd1 d5
22. exd5 Nexd5 23. Bxd5 Nxd5 24. Qf3 Nxe3 25. Qxe3 Bxb3 1/2-1/2

[Event "Lake Sevan 2014"]
[Site "Martuni ARM"]
[Date "2014.07.28"]
[Round "2.2"]
[White "Kuzubov, Yuriy"]
[Black "Vidit, Santosh Gujrathi"]
[Result "1/2-1/2"]
[WhiteTitle "GM"]
[BlackTitle "GM"]
[WhiteElo "2656"]
[BlackElo "2602"]
[WhiteFideId "14112906"]
[BlackFideId "5029465"]
[EventDate "2014.07.27"]

1. e4 c5 2. Nf3 e6 3. g3 Nc6 4. Bg2 Nf6 5. Qe2 d6 6. O-O Be7 7. e5 Nd5 8. exd6
Qxd6 9. Na3 O-O 10. Rd1 Bf6 11. c3 b6 12. Nc4 Qd7 13. Ne3 Bb7 14. Ng4 Rad8 15.
d4 cxd4 16. cxd4 Be7 17. Bd2 Qc8 18. Rac1 Qa8 19. Be1 Nf6 20. Ne3 Rfe8 21. a3
Bf8 22. h3 Ne7 23. Bb4 Nfd5 24. Bd2 Nxe3 25. fxe3 Nf5 26. Be1 Qb8 27. g4 Ng3 28.
Bxg3 Qxg3 29. Qf2 Qxf2+ 30. Kxf2 Bxf3 31. Bxf3 Rc8 32. Bb7 Rxc1 33. Rxc1 Bd6 34.
e4 e5 35. d5 Kf8 36. h4 Ke7 37. Kf3 g6 38. Ba6 Rf8 39. Bd3 Bc5 40. b4 Bd6 41.
Rc6 Kd7 42. Rc3 Rh8 43. Kg2 Rc8 44. Bb5+ Kd8 45. Rxc8+ Kxc8 46. Be8 f6 1/2-1/2

[Event "Lake Sevan 2014"]
[Site "Martuni ARM"]
[Date "2014.07.28"]
[Round "2.3"]
[White "Hovhannisyan, Robert"]
[Black "Gabuzyan, Hovhannes"]
[Result "1/2-1/2"]
[WhiteTitle "GM"]
[BlackTitle "GM"]
[WhiteElo "2592"]
[BlackElo "2582"]
[WhiteFideId "13302507"]
[BlackFideId "13303732"]
[EventDate "2014.07.27"]

1. e4 c5 2. Nf3 d6 3. d4 cxd4 4. Nxd4 Nf6 5. Nc3 a6 6. Be3 e5 7. Nb3 Be6 8. h3
Nbd7 9. g4 Nb6 10. g5 Nfd7 11. Qd2 Be7 12. O-O-O Qc7 13. Kb1 Rc8 14. h4 O-O 15.
h5 f5 16. g6 h6 17. exf5 Bxf5 18. Bh3 Bxh3 19. Rxh3 Nf6 20. Bxh6 Nc4 21. Qc1 Qd7
22. Rf3 Nxh5 23. Rxf8+ Rxf8 24. Bg5 Rxf2 25. Ne4 Qf5 26. Bxe7 Qxe4 27. Nd2 Nxd2+
28. Rxd2 Rxd2 29. Qxd2 d5 30. b3 Nf4 31. Qc3 Nxg6 32. Qc8+ Kf7 33. Bg5 Nf4 34.
Qxb7+ Kg6 35. Bd8 Qe1+ 36. Kb2 Qe2 37. Qc6+ Kf5 38. Qd7+ Ke4 39. Qxg7 d4 40.
Qh7+ Kf3 41. Qh1+ Kg3 42. Ka3 Qxc2 43. Qe1+ Kf3 44. Qxe5 Qc1+ 45. Ka4 Qc6+ 46.
Ka3 d3 47. Ba5 Qb5 48. Qe1 Qc5+ 1/2-1/2

[Event "Lake Sevan 2014"]
[Site "Martuni ARM"]
[Date "2014.07.28"]
[Round "2.5"]
[White "Melkumyan, Hrant"]
[Black "Ter-Sahakyan, Samvel"]
[Result "1/2-1/2"]
[WhiteTitle "GM"]
[BlackTitle "GM"]
[WhiteElo "2647"]
[BlackElo "2572"]
[WhiteFideId "13302485"]
[BlackFideId "13302531"]
[EventDate "2014.07.27"]

1. Nf3 d5 2. d4 Nf6 3. c4 c6 4. g3 Bg4 5. Ne5 Bf5 6. cxd5 cxd5 7. Nc3 Nc6 8. f3
Rc8 9. g4 Bd7 10. Bf4 e6 11. e3 Bb4 12. Rc1 Nxe5 13. Bxe5 O-O 14. Qb3 Qa5 15. a3
Be7 16. Bd3 Bc6 17. O-O Nd7 18. Bg3 Nb6 19. Be1 Nc4 20. Nxd5 Qxd5 21. Bxc4 Qg5
22. Bg3 Bxf3 23. Rxf3 b5 24. Bf4 Qxg4+ 25. Rg3 bxc4 26. Qb7 Qh4 27. Rf1 g6 28.
Qf3 c3 29. bxc3 Rxc3 30. Rh3 Qf6 31. Bh6 Qxf3 32. Rhxf3 f5 33. Bxf8 Kxf8 34. e4
Rxa3 35. Rxa3 Bxa3 36. Kf2 Bb4 37. Ke3 Ke7 38. Rc1 Kd7 39. exf5 exf5 40. d5 Bd6 1/2-1/2

[Event "Lake Sevan 2014"]
[Site "Martuni ARM"]
[Date "2014.07.29"]
[Round "3.1"]
[White "Ter-Sahakyan, Samvel"]
[Black "Hovhannisyan, Robert"]
[Result "1/2-1/2"]
[WhiteTitle "GM"]
[BlackTitle "GM"]
[WhiteElo "2572"]
[BlackElo "2592"]
[WhiteFideId "13302531"]
[BlackFideId "13302507"]
[EventDate "2014.07.27"]

1. e4 c6 2. d4 d5 3. e5 Bf5 4. h4 Qb6 5. a4 h6 6. a5 Qc7 7. a6 Nxa6 8. Bxa6 bxa6
9. Ne2 e6 10. O-O Be7 11. Ng3 Bh7 12. Qg4 Bf8 13. Nh5 g6 14. Ng3 g5 15. c3 gxh4
16. Nh5 Bg6 17. Nd2 Qb7 18. Nf3 h3 19. Qxh3 Qb5 20. Re1 O-O-O 21. b4 Bf5 22. Qg3
Ne7 23. Nf6 Ng6 24. Bd2 Be7 25. Ra5 Qd3 26. Rea1 Kb7 27. Be1 Ra8 28. Rxa6 h5 29.
Qg5 h4 30. Qc1 Qxa6 31. Rxa6 Kxa6 32. Ng5 h3 33. g4 Bxf6 34. exf6 h2+ 35. Kh1
Bxg4 36. f3 Bh3 37. Kxh2 Bf5+ 38. Kg2 Rhg8 39. Bg3 Nh8 40. Qa3+ Kb5 41. Qa5+ Kc4
42. f4 Kb3 43. Kf2 Rab8 44. Qa1 a5 45. bxa5 Kc2 46. a6 Rb1 47. Qa4+ Kd3 48. a7
Rb2+ 49. Kf1 Ke3 50. a8=Q Rb1+ 51. Be1 Rxa8 52. Qxa8 Ng6 53. Qa2 Bd3+ 54. Kg2
Nxf4+ 55. Kg3 Ne2+ 56. Kh2 Rxe1 57. Qa7 Nf4 58. Qxf7 Re2+ 59. Kh1 Re1+ 60. Kh2
Re2+ 61. Kh1 Re1+ 1/2-1/2

[Event "Lake Sevan 2014"]
[Site "Martuni ARM"]
[Date "2014.07.29"]
[Round "3.2"]
[White "Fedoseev, Vladimir3"]
[Black "Areshchenko, Alexander"]
[Result "1-0"]
[WhiteTitle "GM"]
[BlackTitle "GM"]
[WhiteElo "2668"]
[BlackElo "2701"]
[WhiteFideId "24130737"]
[BlackFideId "14109530"]
[EventDate "2014.07.27"]

1. e4 c5 2. Nc3 d6 3. f4 g6 4. Nf3 Bg7 5. Bb5+ Bd7 6. Bc4 Nc6 7. O-O e6 8. d3
Nge7 9. Be3 O-O 10. Bf2 Na5 11. Bb3 b5 12. e5 Bc6 13. Qe1 c4 14. dxc4 bxc4 15.
Ba4 Bxf3 16. gxf3 d5 17. Rd1 Nb7 18. b3 Qc8 19. Nb5 a6 20. Na7 Rxa7 21. Bxa7 Nc5
22. Qb4 Nxa4 23. Qxa4 cxb3 24. cxb3 Nf5 25. Rc1 Qb7 26. Bc5 Rd8 27. Qa5 Qa8 28.
Bb6 Re8 29. Rc7 Bh6 30. Qa4 Kg7 31. Qd7 Re7 32. Qc8 Re8 33. Qxa8 Rxa8 34. Rfc1
Rb8 35. Ba7 Rb4 36. R1c6 Rxf4 37. Rxe6 Bg5 38. Rxa6 Nh4 39. e6 Nxf3+ 40. Kh1 Ne5
41. e7 1-0

[Event "Lake Sevan 2014"]
[Site "Martuni ARM"]
[Date "2014.07.29"]
[Round "3.3"]
[White "Gabuzyan, Hovhannes"]
[Black "Kuzubov, Yuriy"]
[Result "1/2-1/2"]
[WhiteTitle "GM"]
[BlackTitle "GM"]
[WhiteElo "2582"]
[BlackElo "2656"]
[WhiteFideId "13303732"]
[BlackFideId "14112906"]
[EventDate "2014.07.27"]

1. d4 f5 2. c4 Nf6 3. g3 g6 4. Bg2 Bg7 5. Nc3 O-O 6. Nf3 d6 7. O-O c6 8. Qc2 Na6
9. Rd1 Qc7 10. Rb1 Nb4 11. Qb3 a5 12. a3 Na6 13. Bf4 Kh8 14. c5 Nh5 15. cxd6
exd6 16. Bd2 f4 17. Rbc1 Qe7 18. Qb6 Nc7 19. Re1 fxg3 20. hxg3 Qf7 21. d5 Nxd5
22. Nxd5 Qxd5 23. Red1 Qf5 24. Bc3 Bxc3 25. bxc3 Qf6 26. Qc7 d5 27. c4 Rf7 28.
Qe5 Re7 29. Qxf6+ Nxf6 30. cxd5 Nxd5 31. Ng5 h6 32. Ne4 Bg4 33. Nc5 Rae8 34. f3
Bc8 35. e4 Ne3 36. Rd6 Nxg2 37. Kxg2 Kg7 38. Rb1 h5 39. f4 Rf8 40. Kf3 g5 41.
Nd3 Rf6 42. Rxf6 Kxf6 43. f5 Rh7 44. Ke3 h4 45. g4 h3 46. e5+ Ke7 47. Nf2 h2 48.
Kf3 b5 49. Kg3 c5 50. Rxb5 h1=Q 51. Nxh1 Rxh1 52. Rxc5 Bd7 53. e6 Be8 54. Rxa5
Rg1+ 55. Kh3 Bc6 56. Rc5 Kd6 57. Rc3 Re1 58. Kg3 Rg1+ 59. Kh3 Re1 60. Kg3 Re4
61. Rd3+ Bd5 62. a4 Rxa4 63. e7 Ra8 64. f6 Ke6 65. Rxd5 Kxf6 66. Rf5+ Kxe7 67.
Rxg5 Kf6 1/2-1/2

[Event "Lake Sevan 2014"]
[Site "Martuni ARM"]
[Date "2014.07.29"]
[Round "3.4"]
[White "Andriasian, Zaven"]
[Black "Melkumyan, Hrant"]
[Result "1/2-1/2"]
[WhiteTitle "GM"]
[BlackTitle "GM"]
[WhiteElo "2628"]
[BlackElo "2647"]
[WhiteFideId "13302000"]
[BlackFideId "13302485"]
[EventDate "2014.07.27"]

1. e4 e5 2. Nf3 Nc6 3. Bc4 Nf6 4. d3 Bc5 5. O-O d6 6. c3 a6 7. Bb3 Ba7 8. Nbd2
O-O 9. h3 Be6 10. Re1 Bxb3 11. axb3 Nh5 12. Nf1 Qf6 13. N1h2 Rae8 14. b4 Bb6 15.
Bg5 Qg6 16. g4 Nf6 17. Qd2 Nd7 18. Nf1 f6 19. Be3 Qf7 20. Ng3 1/2-1/2

[Event "Lake Sevan 2014"]
[Site "Martuni ARM"]
[Date "2014.07.29"]
[Round "3.5"]
[White "Vidit, Santosh Gujrathi"]
[Black "Sjugirov, Sanan"]
[Result "1/2-1/2"]
[WhiteTitle "GM"]
[BlackTitle "GM"]
[WhiteElo "2602"]
[BlackElo "2643"]
[WhiteFideId "5029465"]
[BlackFideId "4189302"]
[EventDate "2014.07.27"]

1. d4 d5 2. c4 c6 3. Nf3 Nf6 4. Nc3 dxc4 5. a4 Bf5 6. Ne5 Nbd7 7. Nxc4 Nb6 8.
Ne5 a5 9. f3 Nfd7 10. Nxd7 Nxd7 11. e4 Bg6 12. Be3 Qb6 13. Qc2 e5 14. O-O-O Rg8
15. g3 exd4 16. Bxd4 Bc5 17. Bxc5 Nxc5 18. h4 h6 19. h5 Bh7 20. Bc4 Ke7 21. Qd2
Rgd8 22. Qf4 Bg8 23. e5 Qb4 24. Qh4+ Ke8 25. Rd6 Nb3+ 26. Bxb3 Qxb3 27. Rhd1 Qb6
28. Ne4 Rxd6 29. exd6 Qe3+ 30. Kb1 f6 31. Qg4 Kf8 32. Qd7 Re8 33. Qxb7 Qxf3 34.
Nc3 Bd5 35. Ka1 Qxg3 36. d7 Rd8 37. Qc8 Qb8 38. Qxb8 Rxb8 39. Nxd5 cxd5 40. Rxd5
Ke7 41. Ka2 Rd8 42. Rxa5 Rxd7 43. Rb5 Ke6 44. a5 f5 45. a6 Ra7 46. Ra5 f4 47. b4
f3 48. Kb3 f2 49. Ra1 Kd5 50. Rf1 Rxa6 51. Rxf2 Ra1 52. Rc2 Kd6 53. Rc5 Rg1 54.
Ka4 g6 55. hxg6 Rxg6 56. Kb5 Rg8 57. Rc6+ Kd7 58. Rxh6 Kc7 59. Rh7+ Kb8 60. Ka5
Rg5+ 61. b5 Rg6 62. Rd7 Rh6 63. Kb4 Rg6 64. Kc5 Rh6 65. Rd6 Rxd6 66. Kxd6 Kb7
67. Kc5 Kc7 68. b6+ Kb7 69. Kb5 Kb8 70. Kc6 Kc8 71. b7+ Kb8 72. Kb6 1/2-1/2

[Event "Lake Sevan 2014"]
[Site "Martuni ARM"]
[Date "2014.07.30"]
[Round "4.1"]
[White "Areshchenko, Alexander"]
[Black "Vidit, Santosh Gujrathi"]
[Result "0-1"]
[WhiteTitle "GM"]
[BlackTitle "GM"]
[WhiteElo "2701"]
[BlackElo "2602"]
[WhiteFideId "14109530"]
[BlackFideId "5029465"]
[EventDate "2014.07.27"]

1. e4 e6 2. d4 d5 3. Nc3 Bb4 4. e5 c5 5. a3 Bxc3+ 6. bxc3 Ne7 7. Qg4 O-O 8. Bd3
Nbc6 9. Qh5 Ng6 10. Nf3 Qc7 11. Be3 c4 12. Bxg6 fxg6 13. Qg4 Bd7 14. h4 Rf5 15.
Ng5 Qa5 16. Kd2 Raf8 17. f3 h6 18. h5 Qd8 19. Nh3 gxh5 20. Qg3 h4 21. Qh2 Ne7
22. Nf4 Qe8 23. Ne2 Ng6 24. f4 Qf7 25. Raf1 b5 26. Rf3 Kh7 27. Rg1 Rg8 28. g4
hxg3 29. Nxg3 Ne7 30. Kc1 Be8 31. Kb2 a5 32. Bd2 Qf8 33. Nxf5 Nxf5 34. Be1 Bg6
35. Qd2 Qf7 36. Rh3 Kh8 37. Bh4 Bh7 38. Ka2 Rb8 39. Rb1 Qh5 40. Qh2 Qe8 41. Qd2
b4 42. cxb4 Qa4 43. b5 Nxh4 44. Rxh4 Bxc2 45. Rb2 Bb3+ 46. Kb1 Qxb5 47. f5 c3
48. Qxc3 Qf1+ 49. Qc1 Bc2+ 0-1

[Event "Lake Sevan 2014"]
[Site "Martuni ARM"]
[Date "2014.07.30"]
[Round "4.2"]
[White "Sjugirov, Sanan"]
[Black "Gabuzyan, Hovhannes"]
[Result "1-0"]
[WhiteTitle "GM"]
[BlackTitle "GM"]
[WhiteElo "2643"]
[BlackElo "2582"]
[WhiteFideId "4189302"]
[BlackFideId "13303732"]
[EventDate "2014.07.27"]

1. d4 d5 2. c4 c6 3. Nf3 Nf6 4. e3 Bg4 5. Qb3 Qb6 6. Nc3 e6 7. Nh4 Bh5 8. h3 Be7
9. g4 Bg6 10. Nxg6 hxg6 11. Bg2 Na6 12. Bd2 g5 13. Qa4 Qb4 14. Qc2 Qd6 15. a3
dxc4 16. Qa4 Nc7 17. Qxc4 e5 18. dxe5 Qxe5 19. O-O-O Qe6 20. Qxe6 Nxe6 21. Kc2
O-O 22. Ne2 Rfd8 23. Bc3 Ne8 24. Ba5 Rxd1 25. Rxd1 Bd8 26. Bb4 a5 27. Bc3 Bf6
28. Be1 Be5 29. h4 gxh4 30. f4 Bc7 31. Bxh4 Nf6 32. Bf3 g5 33. fxg5 Nh7 34. Be4
Nef8 35. Bf5 Re8 36. e4 Be5 37. Be1 Bc7 38. Bh4 Be5 39. Be1 Bc7 40. Bd2 Bd8 41.
Bc3 Nxg5 42. Nf4 Bc7 43. Nh5 Ngh7 44. Bxh7+ Nxh7 45. Rd7 Rc8 46. g5 Nxg5 47.
Nf6+ Kf8 48. Bd2 Kg7 49. Bxg5 Kg6 50. Bh4 Rh8 51. Rxc7 Rxh4 52. e5 Rc4+ 53. Kd3
b5 54. Ne4 Rc1 55. Kd2 Rc4 56. Nd6 Rc5 57. Nxf7 b4 58. axb4 axb4 59. Nd6 b3 60.
Kd3 1-0

[Event "Lake Sevan 2014"]
[Site "Martuni ARM"]
[Date "2014.07.30"]
[Round "4.3"]
[White "Kuzubov, Yuriy"]
[Black "Ter-Sahakyan, Samvel"]
[Result "1-0"]
[WhiteTitle "GM"]
[BlackTitle "GM"]
[WhiteElo "2656"]
[BlackElo "2572"]
[WhiteFideId "14112906"]
[BlackFideId "13302531"]
[EventDate "2014.07.27"]

1. e4 c5 2. Nf3 d6 3. Bb5+ Bd7 4. Bxd7+ Qxd7 5. O-O Nf6 6. Re1 Nc6 7. c3 e6 8.
d4 cxd4 9. cxd4 d5 10. e5 Ne4 11. a3 Be7 12. Qd3 Na5 13. Nbd2 Nxd2 14. Bxd2 Nc4
15. Bc1 h6 16. b3 Na5 17. Bd2 Nc6 18. h3 a5 19. Nh2 a4 20. b4 Na7 21. Rac1 Rc8
22. Qg3 Kf8 23. Ng4 Nb5 24. Qd3 Rxc1 25. Rxc1 h5 26. Nh2 g6 27. Nf3 Kg7 28. g3
Na7 29. Kg2 Rc8 30. Qe3 Rxc1 31. Bxc1 Kg8 32. g4 hxg4 33. hxg4 Qc8 34. Qh6 Bf8
35. Qh1 Qc2 36. Bh6 Qe4 37. Kg3 Be7 38. Qd1 Nb5 39. Be3 Nc3 40. Qd2 Nb5 41. Qc1
f5 42. exf6 Bd6+ 43. Bf4 Bxf4+ 44. Qxf4 Qxf4+ 45. Kxf4 Nxa3 46. Ke5 Nb5 47. Kxe6
a3 48. Ke7 Nd6 49. Kxd6 1-0

[Event "Lake Sevan 2014"]
[Site "Martuni ARM"]
[Date "2014.07.30"]
[Round "4.4"]
[White "Melkumyan, Hrant"]
[Black "Hovhannisyan, Robert"]
[Result "1/2-1/2"]
[WhiteTitle "GM"]
[BlackTitle "GM"]
[WhiteElo "2647"]
[BlackElo "2592"]
[WhiteFideId "13302485"]
[BlackFideId "13302507"]
[EventDate "2014.07.27"]

1. d4 d5 2. c4 c6 3. Nf3 Nf6 4. Nc3 dxc4 5. a4 Bf5 6. e3 e6 7. Bxc4 Bb4 8. O-O
O-O 9. Ne5 Nbd7 10. Nxd7 Nxd7 11. e4 Bg6 12. f3 e5 13. d5 Nb6 14. Bb3 Bxc3 15.
bxc3 cxd5 16. a5 Nc4 17. Qxd5 Qxd5 18. exd5 Rac8 19. Ra4 Nd6 20. Ba3 Rfd8 21.
Rc1 b5 22. axb6 axb6 23. Ra6 Nb5 24. Be7 Rd7 25. Rxb6 Nd4 26. Bd1 Nf5 27. Bb4
Rxd5 28. Bb3 Rd2 29. Rd1 Rxd1+ 30. Bxd1 Ne3 31. Bb3 Bc2 32. Ba2 Bd3 33. Rd6 Bc4
34. Bb1 Nd5 35. Be4 Nxb4 36. cxb4 Kf8 37. Rb6 Rd8 38. Rc6 Bd5 39. Bxd5 Rxd5 40.
Rc4 Rd1+ 41. Kf2 Rd2+ 42. Kg3 Rb2 43. Rc5 f6 44. Rb5 Kf7 45. h4 Kg6 46. Rb7 Rb3
47. Kf2 h5 48. b5 Rb4 49. Kg3 Rb3 1/2-1/2

[Event "Lake Sevan 2014"]
[Site "Martuni ARM"]
[Date "2014.07.30"]
[Round "4.5"]
[White "Andriasian, Zaven"]
[Black "Fedoseev, Vladimir3"]
[Result "1/2-1/2"]
[WhiteTitle "GM"]
[BlackTitle "GM"]
[WhiteElo "2628"]
[BlackElo "2668"]
[WhiteFideId "13302000"]
[BlackFideId "24130737"]
[EventDate "2014.07.27"]

1. e4 c5 2. Nf3 e6 3. d4 cxd4 4. Nxd4 a6 5. Bd3 Bc5 6. Nb3 Be7 7. Qg4 g6 8. Qe2
d6 9. a4 Nd7 10. a5 Ngf6 11. Be3 O-O 12. O-O Ne5 13. Bb6 Qe8 14. Nc3 g5 15. Be3
Nfg4 16. Bd2 Bd7 17. h3 Nxd3 18. cxd3 Ne5 19. f4 gxf4 20. Bxf4 Kh8 21. Nd4 Rg8
22. Kh1 Rc8 23. Nf3 f6 24. d4 Nxf3 25. Rxf3 Qh5 26. Qf2 Rg6 27. Bh2 Rcg8 28. g4
Qh6 29. d5 e5 30. Ne2 Rc8 31. Ng3 Rgg8 32. Rg1 Rc4 33. b3 Rd4 34. Nh5 Rd2 35.
Qe1 Ra2 36. Rf2 Rxf2 37. Qxf2 Be8 38. Qf3 Bd8 39. b4 Qd2 40. Bg3 Qxb4 41. Bh4
Rf8 42. Bxf6+ Bxf6 43. Nxf6 Bg6 44. g5 Rc8 45. h4 Rc4 46. Qg4 Qc3 47. Kh2 Bxe4
48. Nxe4 Qc2+ 49. Rg2 Qxe4 50. Qxe4 Rxe4 51. Kh3 h5 52. Rb2 Ra4 53. Rb6 Rxa5 54.
Rxd6 Rb5 55. Rd8+ Kg7 56. Rd7+ Kg6 57. Rd6+ Kf7 58. Rd7+ Ke8 59. Rh7 Rxd5 60.
Rxh5 a5 61. Rh8+ Kf7 62. Rh7+ Kg6 63. Rxb7 Rd3+ 64. Kg4 Rd4+ 65. Kg3 Rd3+ 66.
Kg4 Rd4+ 1/2-1/2

[Event "Lake Sevan 2014"]
[Site "Martuni ARM"]
[Date "2014.07.31"]
[Round "5.1"]
[White "Vidit, Santosh Gujrathi"]
[Black "Andriasian, Zaven"]
[Result "1-0"]
[WhiteTitle "GM"]
[BlackTitle "GM"]
[WhiteElo "2602"]
[BlackElo "2628"]
[WhiteFideId "5029465"]
[BlackFideId "13302000"]
[EventDate "2014.07.27"]

1. d4 d5 2. c4 c6 3. Nf3 Nf6 4. Nc3 dxc4 5. a4 Bf5 6. e3 e6 7. Bxc4 Nbd7 8. O-O
Bb4 9. Nh4 Bg4 10. f3 Bh5 11. g4 Nd5 12. Ng2 Bg6 13. Na2 Bd6 14. e4 N5b6 15. Bb3
Qc7 16. a5 Nc8 17. e5 Be7 18. f4 Be4 19. Nc3 Bxg2 20. Kxg2 Bb4 21. f5 Nf8 22.
Ne4 Bxa5 23. fxe6 fxe6 24. Nd6+ Nxd6 25. exd6 Qb6 26. Bg5 Rd8 27. Qf3 Rd7 28. d5
Qb5 29. Be7 Rxe7 30. dxe7 Kxe7 31. dxe6 1-0

[Event "Lake Sevan 2014"]
[Site "Martuni ARM"]
[Date "2014.07.31"]
[Round "5.2"]
[White "Hovhannisyan, Robert"]
[Black "Kuzubov, Yuriy"]
[Result "1-0"]
[WhiteTitle "GM"]
[BlackTitle "GM"]
[WhiteElo "2592"]
[BlackElo "2656"]
[WhiteFideId "13302507"]
[BlackFideId "14112906"]
[EventDate "2014.07.27"]

1. e4 c5 2. Nf3 d6 3. d4 cxd4 4. Nxd4 Nf6 5. Nc3 a6 6. Be2 g6 7. Be3 Bg7 8. Qd2
Nc6 9. O-O-O Bd7 10. Kb1 Rc8 11. f3 h5 12. h3 h4 13. f4 Nh5 14. Nxc6 Rxc6 15.
Bd4 Qa5 16. Bg4 Qb4 17. Bxg7 Nxg7 18. a3 Qc5 19. Rhe1 Be6 20. e5 Qa5 21. Bxe6
Nxe6 22. Re4 Rh5 23. Rb4 Qc7 24. Nd5 Qc8 25. f5 gxf5 26. Qe2 Rh6 27. Qd2 Rh8 28.
Qf2 Nc7 29. Nxe7 Kxe7 30. exd6+ Rxd6 31. Rxd6 Kxd6 32. Qb6+ Kd7 33. Rd4+ Ke8 34.
Rc4 Kd7 35. Qd4+ Ke6 36. Qe3+ Kd7 37. Qd4+ Ke6 38. Qf4 Kf6 39. Rxc7 Qd8 40. Qc4
Kg5 41. Rxb7 Re8 42. Qxf7 Re4 43. Qg7+ Kf4 44. Rb3 Rd4 45. Qh6+ Ke5 46. Qxa6 Qd5
47. Qb5 Rd1+ 48. Ka2 Qxb5 49. Rxb5+ Kf4 50. a4 Rd2 51. a5 Rxg2 52. a6 Rg8 53. a7
Ra8 54. Rb7 Kg3 55. b4 Kxh3 56. b5 Kg2 57. b6 h3 58. Rb8 1-0